Build Your Personal Brand/ (Record no. 183204)

MARC details
000 -LEADER
fixed length control field 00598 a2200181 4500
005 - DATE AND TIME OF LATEST TRANSACTION
control field 20220218164829.0
010 ## - LCCN (DPL NO)
LC control number ENG-130430
020 ## - INTERNATIONAL STANDARD BOOK NUMBER
International Standard Book Number 978-93-91370-42-8
Terms of availability 550.00
035 ## - SYSTEM CONTROL NUMBER
System control number EN-113962
037 ## - SOURCE OF ACQUISITION
Source of stock number/acquisition DBAD/PUB
082 ## - DEWEY DECIMAL CLASSIFICATION NUMBER
Classification number 158.1
Item number 1
100 ## - MAIN ENTRY--PERSONAL NAME
Personal name Sabnavis, Charu
245 ## - TITLE STATEMENT
Title Build Your Personal Brand/
Statement of responsibility, etc Charu Sabnavis
260 ## - PUBLICATION, DISTRIBUTION, ETC. (IMPRINT)
Place of publication, distribution, etc New Delhi
Name of publisher, distributor, etc Sage Publications India Pvt Ltd.
Date of publication, distribution, etc 2021
270 ## - ADDRESS
Address B-I/I-I, Mohan Cooperative Industrial Area, Mathura Road
City New Delhi
Postal code 110044
300 ## - PHYSICAL DESCRIPTION
Extent xv, 279p.
Dimensions 22cm (pbk)
Other physical details About the Author
942 ## - ADDED ENTRY ELEMENTS (KOHA)
Institution code [OBSOLETE] dpl
Item type English Books
Source of classification or shelving scheme Dewey Decimal Classification
Classification part 158.1
Call number suffix SAB
Holdings
Withdrawn status Lost status Not for loan Collection code Home library Current library Date acquired Source of acquisition Cost, normal purchase price Full call number Barcode Copy number Cost, replacement price Koha item type
      Non-fiction Ashok Vihar Ashok Vihar 20/12/2021 DBAD/PUB 550.00 158.1 SAB EN-113962 1 550.00 English Books

© Delhi Public Library
Hit Counter
free hit counter